000 00723nam a2200253 4500
003 OSt
005 20260530115259.0
008 260508b1969 |||a|||| |||| 00| 0 eng d
040 _aICI
_bspa
_cICI
050 _aBF408
_bD34
100 1 _ade Bono, Edward
_930924
245 1 0 _aLateral Thinking:
_ba textbook of creativity
264 1 _bWard Lock Educational
_c1970
_aLondres
300 _a299 páginas
336 _atexto
_2rdacontent
337 _asin medio
_2rdamedia
338 _avolumen
_2rdacarrier
650 _aPensamiento creativo
650 _aCreatividad
650 _aSolución de problemas
650 _aPsicología cognitiva
_930928
650 _aInnovaciones intelectuales
_930929
942 _2lcc
_cBK
_n1
999 _c12755
_d12755